| 000 | 00326cam a2200133ua 4500 | ||
|---|---|---|---|
| 020 | _a9788189473563 | ||
| 082 |
_a627.02 _bKAS/AG |
||
| 100 |
_aKashyap, Ravinder Kumar., _91409 |
||
| 245 | 0 | _aAgriculture and Water Management | |
| 250 | _a1st | ||
| 260 |
_aJaipur: _bOxford book company, _c2009. |
||
| 300 | _a310. | ||
| 942 | _cBK | ||
| 999 |
_c13606 _d13606 |
||